[Event "BEL-ch U18/20"]
[Site "Houffalize"]
[Date "2011.04.19"]
[Round "4"]
[White "De Vleeschauwer, Ruben"]
[Black "Schuurbiers, Wouter"]
[Result "0-1"]
[WhiteElo "1821"]
[BlackElo "1857"]
[PlyCount "86"]
[EventDate "2011.04.17"]
[EventType "swiss"]
[EventRounds "9"]
[EventCountry "BEL"]
[SourceTitle "EXT 2012"]
[Source "ChessBase"]
[SourceDate "2011.11.24"]
[SourceVersion "1"]
[SourceVersionDate "2011.11.24"]
[SourceQuality "1"]

1. d4 d5 2. Bf4 Nf6 3. Nd2 Bf5 4. Ngf3 c5 5. e3 e6 6. Nh4 Bg6 7. Nxg6 hxg6 8. h3 Qb6 9. dxc5 Bxc5 10. Nb3 Bd6 11. Bxd6 Qxd6 12. c3 Nc6 13. Be2 a6 14. Nd4 Ne5 15. Qa4+ Ke7 16. 0-0-0 Rhc8 17. Qb3 b5 18. Kb1 Ne4 19. f4 Nc4 20. Bxc4 Rxc4 21. Rhf1 Rb8 22. a3 Qc5 23. g4 a5 24. Nc2 a4 25. Qa2 Rxc3 26. Nd4 Rc8 27. Ka1 Rxe3 28. Qb1 Rxh3 29. f5 e5 30. fxg6 exd4 31. Rxf7+ Ke6 32. Re1 Rxa3+ 33. bxa3 Qxa3+ 34. Qa2 Qc3+ 35. Qb2 Qxe1+ 36. Ka2 Qd2 37. Qxd2 Nxd2 38. Rxg7 Rc2+ 39. Ka1 Nb3+ 40. Kb1 Rc1+ 41. Kb2 d3 42. Rd7 Kxd7 43. g7 Rc8 0-1

[Event "Enschede op-B U16"]
[Site "Enschede"]
[Date "2009.08.04"]
[Round "3"]
[White "De Vleeschauwer, Ruben"]
[Black "Offringa, Joost"]
[Result "1/2-1/2"]
[WhiteElo "1770"]
[BlackElo "1966"]
[PlyCount "63"]
[EventDate "2009.08.03"]
[EventType "swiss"]
[EventRounds "9"]
[EventCountry "NED"]
[SourceTitle "CBM 132 Extra"]
[Source "ChessBase"]
[SourceDate "2009.11.03"]
[SourceVersion "1"]
[SourceVersionDate "2009.11.03"]
[SourceQuality "1"]

1. d4 Nf6 2. Nc3 d5 3. Nf3 Nc6 4. e3 g6 5. Bb5 Bg7 6. 0-0 0-0 7. Bd2 Bg4 8. h3 Bd7 9. Re1 Re8 10. Ne2 a6 11. Bd3 Kh8 12. c4 e6 13. Nf4 dxc4 14. Bxc4 Ne4 15. Rc1 Qe7 16. b3 Rad8 17. d5 exd5 18. Bxd5 Nxd2 19. Nxd2 Be5 20. Nd3 Nb4 21. Nxb4 Qxb4 22. Rc4 Qe7 23. Qc1 Bb5 24. Bxb7 Bxc4 25. Nxc4 Bd6 26. Bxa6 Bb4 27. Qb2+ Kg8 28. Rc1 Qe6 29. Bb7 Bd6 30. Bf3 Bf8 31. Qc2 c5 32. Na5 1/2-1/2